Word Ladder: Musical Instruments Quiz Stats

 Plays Quiz Updated Mar 22, 2013

Support Sporcle.
Go Orange.
Score 0/17 Timer 01:30
0 Plays Today
Hint 4-Letter Word % Correct
A building found on a farmBARN
95.4%
Location of many storesMALL
93.5%
You do this with a phoneCALL
91.7%
Make moneyEARN
90.8%
'___ on the Fourth of July'BORN
89.6%
Wheeled vehicle pulled by an animalCART
88.6%
A generic brass instrumentHORN
88.1%
An ice cream-based beverageMALT
85.4%
Units of cornEARS
85%
Hint 4-Letter Word % Correct
Use an iron to create hair ringletsCURL
84.7%
A shopping placeMART
84.1%
Pixar flickCARS
82.9%
Throw something with forceHURL
81.7%
Yastrzemski of the Red SoxCARL
78.9%
TV actress Melissa Joan ____HART
77.8%
Damage or mar somethingHURT
77.7%
A large stringed instrumentHARP
76.7%

Today's Daily Dose

You're not logged in!

Compare scores with friends on all Sporcle quizzes.
OR
Log In

From the Vault

30 Facts That Start with 'K'

by QuizzleMyShizzle

We're still not sure what the letter K offers that a C can't. We need to be more stingy with these letters.
Remove Ads.
Support Sporcle.
Get the best of Sporcle when you Go Orange. This ad-free experience offers more features, more stats, and more fun while also helping to support Sporcle. Thank you for becoming a member.

Show Comments

Extras

Top Quizzes Today


Score Distribution

Your Account Isn't Verified!

In order to create a playlist on Sporcle, you need to verify the email address you used during registration. Go to your Sporcle Settings to finish the process.

Report this User

Report this user for behavior that violates our Community Guidelines.

Details: